Asia illiterate countries 2014 - Statistics

General Stats
  • This quiz has been taken 16 times
  • The average score is 8 of 10
Answer Stats
% Country % Correct
66 Nepal
94%
58 Bangladesh
88%
53 Bhutan
88%
74 Cambodia
88%
73 Laos
88%
74 India
81%
28 Afghanistan
75%
55 Pakistan
75%
64 Yemen
75%
78 United Arab Emirates
25%
No matching quizzes found
Score Distribution
Percent of People with Each Score
Percentile by Number Answered
Your Score History
You have not taken this quiz